Ligue des Champions 2021-2022 - Statistiques

Statistiques générales
  • Ce quiz a été pris 2 443 fois
  • Le résultat moyen est 23 sur 32
Statistiques - réponses
Group Réponse % Correct
Groupe A Manchester City
98%
Groupe A Paris Saint-Germain
98%
Groupe D Real Madrid
98%
Groupe E Bayern Munich
94%
Groupe E FC Barcelone
94%
Groupe D Inter Milan
92%
Groupe F Manchester United
92%
Groupe H Chelsea FC
91%
Groupe B Liverpool FC
91%
Groupe B AC Milan
90%
Groupe H Juventus FC
90%
Groupe C Borussia Dortmund
88%
Groupe G LOSC Lille
88%
Groupe B Atlético Madrid
86%
Groupe B FC Porto
82%
Groupe A RB Leipzig
82%
Groupe E SL Benfica
82%
Groupe C Ajax Amsterdam
76%
Groupe G Séville FC
73%
Groupe A Club Bruges KV
71%
Groupe F Villareal CF
65%
Groupe C Sporting CP
60%
Groupe F Atalanta Bergame
59%
Groupe D Sheriff Tiraspol
51%
Groupe D Chakhtar Donetsk
49%
Groupe E Dynamo Kiev
49%
Groupe G RB Salzbourg
47%
Groupe F BSC Young Boys
44%
Groupe G VfL Wolfsburg
39%
Groupe H Zénith Saint-Pétersbourg
38%
Groupe C Beşiktaş JK
33%
Groupe H Malmö FF
33%
Aucun quiz correspondant
Distribution des résultats
% des personnes avec chaque résultat
Percentile par nombre de réponses
Votre historique - résultats
Vous n’avez pas pris ce quiz